| 000 | 01106nam a2200217Ii 4500 | ||
|---|---|---|---|
| 003 | JO-AjNU | ||
| 008 | 230605s9999||||xx |||||||||||||| ||und|| | ||
| 020 | _a9953-34-180-X | ||
| 040 |
_aJO-AjNU _bara _erda _cJO-AjNU |
||
| 041 | _aara | ||
| 050 | 1 | 4 | _aG370.I2.Q25 2006 |
| 100 | 3 |
_aإبن بطوطة، محمد بن عبدالله بن محمد بن إبراهيم اللواتي الطنجي 703 -776 هجري؛ مراجعة درويش الجويدي, _eauthor _956465 |
|
| 245 | 0 | 0 | _aرحلة ابن بطوطة المسماة: تحفة النظار في غرائب الأمصار وعجائب الأسفار، مج 1، ج1+ج2 |
| 250 | _aطبعة جديدة مصححة | ||
| 264 | 3 | 1 | _aصيدا - بيروت: المكتبة العصرية، 2006 |
| 300 |
_aج1، 367ص، ج2: 320ص في مجلد واحد _bيشتمل على خرائط |
||
| 336 |
_atext _btxt _2rdacontent |
||
| 337 |
_aunmediated _bn _2rdamedia |
||
| 338 |
_avolume _bnc _2rdacarrier |
||
| 650 | 4 |
_aالرحلات - الرحالة العرب - ابن بطوطة محمد بن عبدالله بن محمد 703- 779 هجري _956466 |
|
| 999 |
_aA25245 _c28813 _d28813 |
||